<?xml version="1.0" encoding="UTF-8"?>
<record
    xmlns:xsi="http://www.w3.org/2001/XMLSchema-instance"
    xsi:schemaLocation="http://www.loc.gov/MARC21/slim http://www.loc.gov/standards/marcxml/schema/MARC21slim.xsd"
    xmlns="http://www.loc.gov/MARC21/slim">

  <leader>01108nam a2200301 i 4500</leader>
  <controlfield tag="003">EG-GICUC</controlfield>
  <controlfield tag="005">20260121101538.0</controlfield>
  <controlfield tag="008">251225s1972    ua ||||fr||| 0||| ||ara|d</controlfield>
  <datafield tag="017" ind1=" " ind2=" ">
    <subfield code="a">723917</subfield>
  </datafield>
  <datafield tag="040" ind1=" " ind2=" ">
    <subfield code="a"> EG-GICUC</subfield>
    <subfield code="b">ara</subfield>
    <subfield code="c"> EG-GICUC</subfield>
    <subfield code="d"> EG-GICUC</subfield>
    <subfield code="e">rda</subfield>
  </datafield>
  <datafield tag="041" ind1="0" ind2=" ">
    <subfield code="a">ara</subfield>
  </datafield>
  <datafield tag="082" ind1="0" ind2="4">
    <subfield code="2">21</subfield>
    <subfield code="a">345.49</subfield>
    <subfield code="b">&#x645; &#x635; . &#x625;</subfield>
  </datafield>
  <datafield tag="092" ind1="0" ind2="4">
    <subfield code="2">21</subfield>
  </datafield>
  <datafield tag="099" ind1=" " ind2=" ">
    <subfield code="a">Law1 07	345.49 &#x645; &#x635; . &#x625; 1972 </subfield>
  </datafield>
  <datafield tag="100" ind1="0" ind2=" ">
    <subfield code="a">&#x645;&#x635;&#x637;&#x641;&#x649; &#x631;&#x636;&#x648;&#x627;&#x646;.</subfield>
    <subfield code="e">&#x645;&#x624;&#x644;&#x641;.</subfield>
  </datafield>
  <datafield tag="245" ind1="1" ind2="2">
    <subfield code="a">&#x627;&#x644;&#x625;&#x62F;&#x639;&#x627;&#x621; &#x627;&#x644;&#x639;&#x627;&#x645; &#x648;&#x627;&#x644;&#x631;&#x642;&#x627;&#x628;&#x629; &#x627;&#x644;&#x625;&#x62F;&#x627;&#x631;&#x64A;&#x629; :</subfield>
    <subfield code="b">&#x641;&#x642;&#x647;&#x627;&#x64B; &#x648;&#x642;&#x636;&#x627;&#x621;&#x64B; /</subfield>
    <subfield code="c">&#x645;&#x635;&#x637;&#x641;&#x649; &#x631;&#x636;&#x648;&#x627;&#x646;.</subfield>
  </datafield>
  <datafield tag="264" ind1=" " ind2="1">
    <subfield code="a">&#x627;&#x644;&#x627;&#x633;&#x643;&#x646;&#x62F;&#x631;&#x64A;&#x629; :</subfield>
    <subfield code="b">&#x641;&#x631;&#x639; &#x645;&#x646;&#x634;&#x623;&#x629; &#x627;&#x644;&#x645;&#x639;&#x627;&#x631;&#x641;&#x60C;</subfield>
    <subfield code="c">1972.</subfield>
  </datafield>
  <datafield tag="300" ind1=" " ind2=" ">
    <subfield code="a">430 &#x635;&#x641;&#x62D;&#x629; &#x61B; </subfield>
    <subfield code="c">24 &#x633;&#x645;.</subfield>
  </datafield>
  <datafield tag="336" ind1=" " ind2=" ">
    <subfield code="2">rda content</subfield>
    <subfield code="a">text</subfield>
  </datafield>
  <datafield tag="337" ind1=" " ind2=" ">
    <subfield code="2">rda media</subfield>
    <subfield code="a">Computer</subfield>
  </datafield>
  <datafield tag="338" ind1=" " ind2=" ">
    <subfield code="2">rda carrier</subfield>
    <subfield code="a">Online Resource</subfield>
  </datafield>
  <datafield tag="504" ind1=" " ind2=" ">
    <subfield code="a">&#x64A;&#x62D;&#x62A;&#x648;&#x64A; &#x639;&#x644;&#x649; &#x627;&#x631;&#x62C;&#x627;&#x639;&#x627;&#x62A; &#x628;&#x628;&#x644;&#x64A;&#x648;&#x62C;&#x631;&#x627;&#x641;&#x64A;&#x629;
</subfield>
  </datafield>
  <datafield tag="546" ind1=" " ind2=" ">
    <subfield code="a">&#x627;&#x644;&#x646;&#x635; &#x628;&#x627;&#x644;&#x644;&#x63A;&#x629; &#x627;&#x644;&#x639;&#x631;&#x628;&#x64A;&#x629;</subfield>
  </datafield>
  <datafield tag="650" ind1="1" ind2="4">
    <subfield code="a">&#x627;&#x644;&#x631;&#x642;&#x627;&#x628;&#x629; &#x627;&#x644;&#x625;&#x62F;&#x627;&#x631;&#x64A;&#x629;</subfield>
    <subfield code="x">&#x627;&#x644;&#x642;&#x627;&#x646;&#x648;&#x646; &#x627;&#x644;&#x627;&#x62F;&#x627;&#x631;&#x64A;</subfield>
  </datafield>
  <datafield tag="856" ind1="4" ind2="0">
    <subfield code="u">https://fll.law.cu.edu.eg/fulltext/bks/B07-01877.pdf</subfield>
  </datafield>
  <datafield tag="905" ind1=" " ind2=" ">
    <subfield code="a">75</subfield>
  </datafield>
  <datafield tag="942" ind1=" " ind2=" ">
    <subfield code="2">ddc</subfield>
    <subfield code="c">BK</subfield>
    <subfield code="e">21</subfield>
    <subfield code="n">0</subfield>
  </datafield>
  <datafield tag="999" ind1=" " ind2=" ">
    <subfield code="c">52514</subfield>
    <subfield code="d">52514</subfield>
  </datafield>
  <datafield tag="952" ind1=" " ind2=" ">
    <subfield code="0">0</subfield>
    <subfield code="1">0</subfield>
    <subfield code="2">ddc</subfield>
    <subfield code="4">0</subfield>
    <subfield code="7">1</subfield>
    <subfield code="8">&#x627;&#x644;&#x642;&#x627;&#x646;&#x648;&#x646; &#x627;&#x644;&#x625;&#x62F;&#x627;&#x631;&#x64A;</subfield>
    <subfield code="a">CU</subfield>
    <subfield code="b">LAW1</subfield>
    <subfield code="d">2025-12-25</subfield>
    <subfield code="l">0</subfield>
    <subfield code="o">Law1 07	345.49 &#x645; &#x635; . &#x625; 1972  0701877 C1</subfield>
    <subfield code="p">B07-01877</subfield>
    <subfield code="r">2025-12-25 11:01:00</subfield>
    <subfield code="t">1</subfield>
    <subfield code="w">2025-12-25</subfield>
    <subfield code="y">BK</subfield>
  </datafield>
  <datafield tag="952" ind1=" " ind2=" ">
    <subfield code="0">0</subfield>
    <subfield code="1">0</subfield>
    <subfield code="2">ddc</subfield>
    <subfield code="4">0</subfield>
    <subfield code="7">0</subfield>
    <subfield code="8">&#x627;&#x644;&#x642;&#x627;&#x646;&#x648;&#x646; &#x627;&#x644;&#x625;&#x62F;&#x627;&#x631;&#x64A;</subfield>
    <subfield code="a">CU</subfield>
    <subfield code="b">LAW1</subfield>
    <subfield code="d">2025-12-25</subfield>
    <subfield code="l">0</subfield>
    <subfield code="o">Law1 07	345.49 &#x645; &#x635; . &#x625; 1972  0701878 C2</subfield>
    <subfield code="p">B07-01878</subfield>
    <subfield code="r">2025-12-25 11:01:00</subfield>
    <subfield code="t">2</subfield>
    <subfield code="w">2025-12-25</subfield>
    <subfield code="y">BK</subfield>
  </datafield>
  <datafield tag="952" ind1=" " ind2=" ">
    <subfield code="0">0</subfield>
    <subfield code="1">0</subfield>
    <subfield code="2">ddc</subfield>
    <subfield code="4">0</subfield>
    <subfield code="7">0</subfield>
    <subfield code="8">&#x627;&#x644;&#x642;&#x627;&#x646;&#x648;&#x646; &#x627;&#x644;&#x625;&#x62F;&#x627;&#x631;&#x64A;</subfield>
    <subfield code="a">CU</subfield>
    <subfield code="b">LAW2</subfield>
    <subfield code="d">2025-12-25</subfield>
    <subfield code="l">0</subfield>
    <subfield code="o">Law2 07	345.49 &#x645; &#x635; . &#x625; 1972  0701880 C3</subfield>
    <subfield code="p">B07-01880</subfield>
    <subfield code="r">2025-12-25 11:02:00</subfield>
    <subfield code="t">3</subfield>
    <subfield code="w">2025-12-25</subfield>
    <subfield code="y">BK</subfield>
  </datafield>
</record>
